000 03623nam0a2200361 4500
001 RU\NLR\BIBL_A\012827221
005 20221005094126.0
010 _a978-5-98597-495-9
_91000
021 _aRU
_bКН-П-22-020162
_9КН-П-22-1725
035 _a(NLR Aleph) 012827221
035 _a(RuMoRGB)011024278
090 _a12343372
_c12343372
100 _a20220623d2021 u y0rusy50 ca
101 0 _arus
102 _aRU
105 _aa|||j|||000zy
181 0 _ai
_baxxe
182 0 _an
200 1 _aСоциально-экономический эффект внедрения методологии семейно-ориентированного подхода "Открытая реанимация" при лечении пациентов в отделениях реанимации и интенсивной терапии
_e(результаты национального многоцентрового ретроспективно-проспективного исследования)
_eметодические рекомендации
_fБлаготворительный фонд развития паллиативной помощи "Детский паллиатив" [и др.
_gсоставители: Лазарев В. В. - д-р мед. наук, профессор и др.]
_gпод ред. В. В. Лазарева, К. А. Вартановой
203 _aТекст
_bвизуальный
_cнепосредственный
210 _aМосква
_cБлаготворительный фонд развития паллиативной помощи "Детский паллиатив" [и др.]
_d2021
215 _a110, [1] с.
_cтабл.
_d17x24
330 _aВ методических рекомендациях приводятся сведения о социальных и экономических преимуществах организации работы в рамках политики и методологии семейно-ориентированного подхода <Открытая реанимация> совместного пребывания ребенка с родителями в отделении реанимации и интенсивной терапии (ОРИТ) лечебного учреждения. Методические материалы ориентированы на организаторов здравоохранения, руководителей лечебных учреждений, практикующих специалистов ОРИТ и других отделений медицинских учреждений (врачи различных специальностей, средний и младший медицинский персонал, психологи, социальные работники и др.)
606 1 _aРеанимационные отделения детские
_jМетодические пособия
_xОрганизация работы
_xСоциально-экономический аспект
_92528621
_3RU\NLR\AUTH\6601711900
675 _a61
_v4
686 1 _aР11(2)442.8я8
702 1 _4220
_4340
_7ca
_8rus
_aЛазарев
_bВ. В.
_cд-р мед. наук
_gВладимир Викторович
_944518
_3RU\NLR\AUTH\7761588
712 0 2 _4475
_a"Детский паллиатив", благотворительный фонд развития паллиативной помощи
_cМосква
_9392275
_3RU\NLR\AUTH\880362610
942 _cBOOK
980 _aNB